Kiểm toán hoạt động
Nội dung của tài liệu tập trung vào các vấn đề cơ bản nhất của kiểm toán toán hoạt động bao gồm: tổng quan, kiểm toán những hoạt động chủ yếu của tổ chức, đặc điểm kiểm toán hoạt động ngân sách nhà nước....
שמור ב:
| פורמט: | ספר |
|---|---|
| שפה: | Undetermined |
| יצא לאור: |
Thành phố Hồ Chí Minh
Phương đông
2010
|
| נושאים: | |
| תגים: |
הוספת תג
אין תגיות, היה/י הראשונ/ה לתייג את הרשומה!
|
| Thư viện lưu trữ: | Trung tâm Học liệu Trường Đại học Cần Thơ |
|---|
| LEADER | 01002nam a2200205Ia 4500 | ||
|---|---|---|---|
| 001 | CTU_204187 | ||
| 008 | 210402s9999 xx 000 0 und d | ||
| 020 | |c 60000 | ||
| 082 | |a 657.458 | ||
| 082 | |b K304 | ||
| 245 | 0 | |a Kiểm toán hoạt động | |
| 245 | 0 | |c Trường Đại học Kinh tế Tp. Hồ Chí Minh. Khoa Kế toán - Kiểm Toán. Bộ môn Kiểm toán | |
| 260 | |a Thành phố Hồ Chí Minh | ||
| 260 | |b Phương đông | ||
| 260 | |c 2010 | ||
| 520 | |a Nội dung của tài liệu tập trung vào các vấn đề cơ bản nhất của kiểm toán toán hoạt động bao gồm: tổng quan, kiểm toán những hoạt động chủ yếu của tổ chức, đặc điểm kiểm toán hoạt động ngân sách nhà nước. | ||
| 650 | |a Auditing,Kiểm toán | ||
| 650 | |z Vietnam,Việt Nam | ||
| 904 | |i Hải | ||
| 980 | |a Trung tâm Học liệu Trường Đại học Cần Thơ | ||